000 01025nam a2200265Ia 4500
003 OSt
005 20221005110745.0
006 a|||||r|||| 00| 0
007 ta
008 221004b |||||||| |||| 00| 0 hin d
020 _a9788126707959 (hbk)
_c350
024 _a12101
037 _bBR8176, 20/03/2014, Rajkamal Prakashan Pvt. Ltd.
_cTextual
040 _aCRL
_cCRL
_bhin
041 _2hin
_ahin
082 _aO152,3N493,4, M7;Q4
100 _aअब्दुल बिस्मिल्लाह
245 0 _aझीनी - झीनी बीनी चदरिया
246 _aZīnī - zīnī bīnī chadariyā
260 _aनई दिल्ली
_bराजकमल प्रकाशन भारत
_c2014
300 _a208पृ0
_ccm.
650 _aहिन्दी साहित्य
942 _hO152,3N493,4, M7;Q4
_cTEXL
_2cc
999 _c1019790
_d1019790